Homenaje al doctor Silvio Zavala : presentación de su obra en disco compacto /
Kaydedildi:
| Yazar: | |
|---|---|
| Diğer Yazarlar: | , |
| Materyal Türü: | Kitap |
| Dil: | İspanyolca |
| Baskı/Yayın Bilgisi: |
México :
El Colegio Nacional,
2000, c2000
|
| Konular: | |
| Etiketler: |
Etiket eklenmemiş, İlk siz ekleyin!
|
MARC
| LEADER | 00000nam^a2200000^a^4500 | ||
|---|---|---|---|
| 001 | 000138038 | ||
| 005 | 20250521000000.0 | ||
| 009 | 20260310095415.013 | ||
| 020 | |a 970-640-142-3 | ||
| 037 | |a Acervo ITESO - Biblioteca | ||
| 041 | |a ESP | ||
| 082 | |a 868. |b NAC HOM V. 16 | ||
| 100 | |a González Cicero, Stella María |e (autor) | ||
| 245 | 1 | 0 | |a Homenaje al doctor Silvio Zavala : |b presentación de su obra en disco compacto / |c S.M. González Cicero, A. Lira González, G. Cabrera Acevedo. |
| 264 | 4 | |a México : |b El Colegio Nacional, |c 2000, c2000 | |
| 300 | |a 30 p. | ||
| 336 | |a texto |b txt |2 rdacontenido | ||
| 337 | |a sin mediación |b n |2 rdamedio | ||
| 338 | |a volumen |b nc |2 rdasoporte | ||
| 649 | |a XX | ||
| 650 | |a Historiadores Mexicanos - |x Homenajes | ||
| 650 | |a Historiadores Mexicanos - |x Bibliografías - |x Tema Principal | ||
| 650 | |a Bibliotecas Privadas - |z México - |x Colecciones - |x Tema Principal | ||
| 650 | |a Archivo General de la Nación - |z México - |x Colecciones | ||
| 650 | |a Historiografía - |z México | ||
| 650 | |a México - |x Historia | ||
| 650 | |a Zavala, Silvio - |x Tema Principal | ||
| 700 | |a Lira González, Andrés |e (autor) | ||
| 700 | |a Cabrera Acevedo, Gustavo |e (autor) | ||
| 910 | |a Fondo General | ||
| 920 | |a Impresos - Libros | ||
| 930 | |a Colección General | ||
| 940 | |a Literatura | ||
| 905 | |a 101 | ||
| 901 | |a 0500067790 |b IT1 |c LIT |u 20250521 | ||
| 902 | |a https://opac.biblio.iteso.mx/vufind/Record/000138038 | ||